000 00872nam a2200241Ia 4500
008 191130s2006##################000#0#eng##
020 _a9780199288137
040 _aACL
_cACL
082 _a338.9 STI
100 _aStiglitz, Joseph E
245 _aStability with growth : macroeconomics, liberalization and development
_cJoseph Stiglitz ... [et al.]
260 _aOxford
_bOxford University Press
_c2006
300 _axi, 339 p. ; 24 cm
500 _aIncludes bibliographical references and index. Also available on the Internet to subscribing institutions
650 _aDeveloping countries - Economic policy
650 _aEconomic policy
650 _aMacroeconomics
650 _aSustainable development
710 _aInitiative for Policy Dialogue
990 _abca6aaa6ac10000c1e8bc623f0a229df
991 _a421499
999 _c391469
_d391469